000 00217 a2200097 4500
020 _a9780545206945
041 _aeng
100 _aTarshis, Lauren
245 _aI Survived The Sinking of The Titanica, 1912
942 _cBK
999 _c31696
_d31694